000 00197nam a2200109Ia 4500
100 _aWELFY & SHARPRA
942 _cBK
245 _aFRIENDSHIP
260 _b#N/A
546 _aENGLISH
999 _c34611
_d34611